000 00386nam a22001577a 4500
003 SGT
020 _a9759374737088
082 _a615.31
100 _aISLAM, MOHIDUL
245 _aPHARMACOGNOSY FOR DIPOMA IN PHARMACY
260 _aDELHI
_bAITBS PUB.
_c2026
300 _a195
650 _aPHARMACOGNOSY
653 _aPHARMACOGNOSY, PHARMACY, DIPLOMA
942 _2ddc
_cGF BOOKS
999 _c33219
_d33219